| 000 | 00680nam a2200181Ia 4500 | ||
|---|---|---|---|
| 003 | GCL | ||
| 008 | 140319s9999 xx 000 0 ara d | ||
| 040 |
_aGCL / _cGCL |
||
| 082 | 0 | 4 |
_a415 _bش ا |
| 100 | 1 | _aابن الشجرى : ابوالسعادات هبة الله بن على بن محمد بن حمزة العلوى الحسنى | |
| 245 | 1 | 0 |
_aالامالى الشجرية / _cابن الشجرى : ابوالسعادات هبة الله بن على بن محمد بن حمزة العلوى الحسنى |
| 300 | _aمتعدد | ||
| 490 | _a | ||
| 650 | 0 | 4 | _aالنحو |
| 650 | 0 | 4 | _aاللغة العربية - النحو |
| 650 | 0 | 4 | _aالاعراب |
| 942 |
_2ddc _cBK |
||
| 999 |
_c40564 _d40564 |
||